Guess The Random Country- No Hints. Just Guess. - Statistics

General Stats
  • This quiz has been taken 18 times
  • The average score is 9 of 15
Answer Stats
Hint Answer % Correct
? United States of America
100%
? Russia
91%
? Nigeria
73%
? Fiji
64%
? Iceland
64%
? Saudi Arabia
64%
? Spain
64%
? Uzbekistan
64%
? Bhutan
55%
? St Kitts and Nevis
55%
? Belgium
45%
? Belize
45%
? Jamaica
45%
? Malaysia
45%
? Latvia
36%
No matching quizzes found
Score Distribution
Percent of People with Each Score
Percentile by Number Answered
Your Score History
You have not taken this quiz